000 00829cam a2200253 4500
001 WB3645-17
008 000000n2000 000 0 eng u
035 _a(Sirsi) u109341
245 _aHouse building 'gloomy'
260 _c2000
490 _aFinancial Times
_v 14 November 2000, 5(1)
520 _aThe Construction Confederation's latest quarterly review shows that public sector house building is the most depressed sector of construction activity. Considers some reasons for the fall in building activity.
590 _aWB
650 _aPUBLIC SECTOR
650 _aCONSTRUCTION CONFEDERATION
650 _aDETR
650 _aSTATISTICS
650 _aHOUSE BUILDING
650 _aDECREASE
650 _aCONSTRUCTION OUTPUT
650 _aHOUSING CORPORATION
690 _aHOUSING-DEVELOPMENT
942 _n0
999 _c65265
_d65265